BSOP header

聖靈與初期教會 The Holy Spirit and the early church... {ch} : (Record no. 20249)

MARC details
000 -LEADER
fixed length control field 00935nam a2200217 4500
008 - FIXED-LENGTH DATA ELEMENTS--GENERAL INFORMATION
fixed length control field 040610s1993 us eng
020 ## - INTERNATIONAL STANDARD BOOK NUMBER
International Standard Book Number 9622082467 :
Terms of availability NT160
090 ## - LOCALLY ASSIGNED LC-TYPE CALL NUMBER (OCLC); LOCAL CALL NUMBER (OCLC)
Classification number (OCLC) (R) ; Classification number, CALL (RLIN) (NR) BT119
Local cutter number (OCLC) ; Book number/undivided call number, CALL (RLIN) C47h
100 1# - MAIN ENTRY--PERSONAL NAME
Personal name 黃朱倫 Chu-loon, Hwang
245 10 - TITLE STATEMENT
Title 聖靈與初期教會 The Holy Spirit and the early church... {ch} :
Remainder of title an investigation of miracles, Holy Spirit baptism, tongue-speaking, hymns and worship /
Statement of responsibility, etc Hwang Chu-loon.
260 ## - PUBLICATION, DISTRIBUTION, ETC. (IMPRINT)
Place of publication, distribution, etc Hong Kong :
Name of publisher, distributor, etc 天道出版社 Tien Dao Publishing House,
Date of publication, distribution, etc c1993.
300 ## - PHYSICAL DESCRIPTION
Extent 102 p.
490 1# - SERIES STATEMENT
Series statement Layman theology series.
650 #4 - SUBJECT ADDED ENTRY--TOPICAL TERM
Topical term or geographic name as entry element Baptism in the Holy Spirit {ch}.
650 #4 - SUBJECT ADDED ENTRY--TOPICAL TERM
Topical term or geographic name as entry element Glossolalia
General subdivision Biblical teaching {ch}.
650 #4 - SUBJECT ADDED ENTRY--TOPICAL TERM
Topical term or geographic name as entry element Hymns {ch}.
650 #4 - SUBJECT ADDED ENTRY--TOPICAL TERM
Topical term or geographic name as entry element Miracles {ch}.
650 #4 - SUBJECT ADDED ENTRY--TOPICAL TERM
Topical term or geographic name as entry element Worship {ch}.
650 #4 - SUBJECT ADDED ENTRY--TOPICAL TERM
Topical term or geographic name as entry element 神學類/聖靈論 Holy Spirit
General subdivision History of doctrines
-- Primitive and early church,ca. 30-600 {ch}.
951 ## - EQUIVALENCE OR CROSS-REFERENCE-GEOGRAPHIC NAME/AREA NAME [OBSOLETE] [CAN/MARC only]
General subdivision 00028158
951 ## - EQUIVALENCE OR CROSS-REFERENCE-GEOGRAPHIC NAME/AREA NAME [OBSOLETE] [CAN/MARC only]
-- C-5193
-- BT119/C47h
-- 070613111400171
-- 2000-12-21
-- CH
Holdings
Withdrawn status Lost status Damaged status Not for loan Home library Current library Shelving location Date acquired Accession number Shelving control number Total Checkouts Full call number Barcode Date last seen Price effective from Koha item type
        BSOP Library BSOP Library Chinese Books (General Circulation) 12/21/2000 C-5193 127   BT119/C47h 00028158 02/23/2013 02/23/2013 Books
BSOP

Biblical Seminary of the Philippines
  All rights Reserved
  © 2024

CONTACT INFORMATION

Biblical Seminary of the Philippines,
  77-B Karuhatan Road, Valenzuela City,
  PHILIPPINES 1441
  Phone: +632 8292-6795 / 8292-6798
  Fax : +632 8292-6675
  Email: library@bsop.edu.ph